Welcome to CU Library Online Public Access Catalogue (OPAC)

The theology of St. Luke / (Record no. 7009)

MARC details
000 -LEADER
fixed length control field 00757pam a2200241 a 4500
001 - CONTROL NUMBER
control field 4695800
005 - DATE AND TIME OF LATEST TRANSACTION
control field 20250716163941.0
008 - FIXED-LENGTH DATA ELEMENTS--GENERAL INFORMATION
fixed length control field 820222t19821961pau b 001 0 eng
020 ## - INTERNATIONAL STANDARD BOOK NUMBER
International Standard Book Number 0800616502
Qualifying information pbk.
020 ## - INTERNATIONAL STANDARD BOOK NUMBER
International Standard Book Number 9780800616502
Qualifying information (pbk.)
041 1# - LANGUAGE CODE
Language code of text/sound track or separate title eng
-- ger
050 00 - LIBRARY OF CONGRESS CALL NUMBER
Classification number BS2589
Item number .C6513 1982
082 00 - DEWEY DECIMAL CLASSIFICATION NUMBER
Classification number 226/.406
Edition information 19
100 1# - MAIN ENTRY--PERSONAL NAME
Personal name Conzelmann, Hans.
245 14 - TITLE STATEMENT
Title The theology of St. Luke /
Statement of responsibility, etc. by Hans Conzelmann ; translated by Geoffrey Buswell.
250 ## - EDITION STATEMENT
Edition statement 1st Fortress Press ed.
260 ## - PUBLICATION, DISTRIBUTION, ETC.
Place of publication, distribution, etc. Philadelphia :
Name of publisher, distributor, etc. Fortress Press,
Date of publication, distribution, etc. 1982, c1961.
300 ## - PHYSICAL DESCRIPTION
Extent 255 p. ;
Dimensions 21 cm.
500 ## - GENERAL NOTE
General note Translation of: Die Mitte der Zeit.
500 ## - GENERAL NOTE
General note Originally published: New York : Harper, 1961.
500 ## - GENERAL NOTE
General note Includes indexes.
942 ## - ADDED ENTRY ELEMENTS (KOHA)
Source of classification or shelving scheme Library of Congress Classification
Koha item type Books
Suppress in OPAC No
999 ## -
-- 7009
-- 7009
Holdings
Withdrawn status Lost status Source of classification or shelving scheme Damaged status Not for loan Collection Home library Current library Shelving location Date acquired Total checkouts Full call number Barcode Date last seen Copy number Price effective from Koha item type
    Library of Congress Classification     Non-fiction Undergraduate Library (Christ Temple) Undergraduate Library (Christ Temple) General stacks 07/16/2025   BS 2589 CON ulct00003903 07/16/2025 1 07/16/2025 Books
© 2023-2024 Copyright: Central University Libraries. All Rights Reserved | Created by: Mahone Tech Office